Základy životního prostředí 5 negativní vývojové trendy kvality životního prostředí

Salvato in:
Dettagli Bibliografici
Autore principale: Nekovář, Jiří
Natura: Libro
Lingua:ceco
Pubblicazione: Praha Dům techniky ČSVTS 1983
Tags: Aggiungi Tag
Nessun Tag, puoi essere il primo ad aggiungerne!!

MARC

LEADER 00000nam a2200000 4500
001 c113711
005 20041019155156.5
041 0 |a cze 
044 |a CZ 
245 1 0 |a Základy životního prostředí 5  |b negativní vývojové trendy kvality životního prostředí  |c Jiří Nekovář 
264 1 |a Praha  |b Dům techniky ČSVTS  |c 1983 
300 |a 23 s. 
100 1 |a Nekovář, Jiří